New York (Record no. 8879)

MARC details
000 -CABECERA
campo de control de longitud fija 00875nam a2200277 a 4500
001 - NÚMERO DE CONTROL
campo de control BRL_66
005 - FECHA Y HORA DE LA ÚLTIMA TRANSACCIÓN
campo de control 20190320210556.0
008 - DATOS DE LONGITUD FIJA--INFORMACIÓN GENERAL
campo de control de longitud fija 771004s1976 ne-a######---#000-0#eng-#
020 ## - NÚMERO INTERNACIONAL ESTÁNDAR DEL LIBRO
Número Internacional Estándar del Libro 0809422700
041 ## - CÓDIGO DE LENGUA
Código de lengua del texto/banda sonora o título independiente spa
044 ## - CÓDIGO DEL PAÍS DE LA ENTIDAD EDITORA/PRODUCTORA
Código MARC del país ne
050 #4 - SIGNATURA TOPOGRÁFICA DE LA BIBLIOTECA DEL CONGRESO
Número de clasificación F128.52
Número de documento/Ítem .B87 1976
100 1# - ENTRADA PRINCIPAL--NOMBRE DE PERSONA
Nombre de persona Burgess, Anthony,
Fechas asociadas al nombre 1917-1993
9 (RLIN) 22811
245 10 - MENCIÓN DE TÍTULO
Título New York
Mención de responsabilidad, etc. by Anthony Burgess and the editors of Time-Life Books ; with photographs by Dan Budnik ... [et al.]
260 ## - PUBLICACIÓN, DISTRIBUCIÓN, ETC.
Lugar de publicación, distribución, etc. Amsterdam
Nombre del editor, distribuidor, etc. Time-Life Books
Fecha de publicación, distribución, etc. c1976
300 ## - DESCRIPCIÓN FÍSICA
Extensión 200 p.
Otras características físicas il. (algunas a color)
Dimensiones 31 cm.
500 ## - NOTA GENERAL
Nota general Incluye índice alfabético
500 ## - NOTA GENERAL
Nota general Au37
504 ## - NOTA DE BIBLIOGRAFÍA, ETC.
Nota de bibliografía, etc. Bibliografía: p. 198
651 #4 - PUNTO DE ACCESO ADICIONAL DE MATERIA--NOMBRE GEOGRÁFICO
Nombre geográfico Nueva York
Subdivisión general Descripciones y viajes
9 (RLIN) 22812
651 #4 - PUNTO DE ACCESO ADICIONAL DE MATERIA--NOMBRE GEOGRÁFICO
Nombre geográfico Nueva York
Subdivisión general Historia
Subdivisión cronológica 1898-1951
9 (RLIN) 22813
700 1# - PUNTO DE ACCESO ADICIONAL--NOMBRE DE PERSONA
Nombre de persona Budnik, Dan
Término indicativo de función/relación il.
9 (RLIN) 22814
710 2# - PUNTO DE ACCESO ADICIONAL--NOMBRE DE ENTIDAD CORPORATIVA
Nombre de entidad corporativa o nombre de jurisdicción como elemento de entrada Time-Life Books
9 (RLIN) 22815
902 ## - CATALOGADOR
Iniciales GRL
942 ## - ELEMENTOS DE PUNTO DE ACCESO ADICIONAL (KOHA)
Fuente del sistema de clasificación o colocación Library of Congress Classification
Tipo de ítem Koha Libros
Holdings
Estado de retiro Estado de pérdida Estado dañado No para préstamo Localización permanente Ubicación/localización actual Fecha de adquisición Número de inventario Total de préstamos Signatura topográfica completa Código de barras Fecha visto por última vez Precio válido a partir de Tipo de ítem Koha
El ejemplar forma parte de la colección y puede ser consultado según las políticas vigentes.       Biblioteca Centro de Estudios Ruth D. Lechuga Biblioteca Centro de Estudios Ruth D. Lechuga 04/10/2012 Au37   F128.52 .B87 1976 (Au37) GRL00068 22/03/2019 22/03/2019 Libros